Inappropriate relationships : the unconventional, the disapproved and the forbidden (Record no. 213193)

MARC details
000 -LEADER
fixed length control field 00868nam a2200265Ia 4500
008 - FIXED-LENGTH DATA ELEMENTS--GENERAL INFORMATION
fixed length control field 191130s2002##################000#0#eng##
020 ## - INTERNATIONAL STANDARD BOOK NUMBER
ISBN 9780805837438
082 ## - DEWEY DECIMAL CLASSIFICATION NUMBER
Classification number 302 GOO
245 ## - TITLE STATEMENT
Title Inappropriate relationships : the unconventional, the disapproved and the forbidden
Statement of responsibility, etc edited by Robin Goodwin and Duncan Cramer
260 ## - PUBLICATION, DISTRIBUTION, ETC. (IMPRINT)
Place of publication Mahwah, NJ
Name of publisher Lawrence Erlbaum Associates Publishers
Year of publication 2002
300 ## - PHYSICAL DESCRIPTION
Number of Pages xvi, 281 p. ; 23 cm
500 ## - GENERAL NOTE
General note Includes bibliographical references and indexes
650 ## - SUBJECT ADDED ENTRY--TOPICAL TERM
Topical Term Interpersonal Relations
Topical Term Interpersonal relations and culture
Topical Term Sexual ethics
Topical Term Social change
Topical Term Social norms
700 ## - ADDED ENTRY--PERSONAL NAME
Personal name Cramer, Duncan
Personal name Goodwin, Robin
991 ## -
-- 9379
Holdings
Withdrawn status Lost status Damaged status Not for loan Home library Current library Shelving location Date acquired Full call number Accession Number Price effective from Koha item type
        Anna Centenary Library Anna Centenary Library 3RD FLOOR, B WING 13.10.2020 302 GOO 328221 13.10.2020 English Books

Find us on the map